000 00403nam a2200145Ia 4500
008 231129s2010||||xx |||||||||||||| ||spa||
020 _a978-958-8596-21-1
040 _bspa
082 _aCo861.5 M828ó
100 _aMorales Ramí­rez Yezid
245 0 _aOcultos incidentes: antologí­a personal
260 _c2010
264 _aCaza de Libros
942 _2ddc
_cBKS
999 _c22045
_d22045